[Event "Match/Nation ROM-DDR 14-18"]
[Site "Eforie Nord"]
[Date "1984.05.14"]
[Round "3.3"]
[White "Vogt, Lothar"]
[Black "Gheorghiu, Florin"]
[Result "1-0"]
[WhiteElo "2485"]
[BlackElo "2495"]
[Annotator "Vogt,L"]
[PlyCount "55"]
[EventDate "1984.05.10"]
[EventType "team-schev"]
[EventRounds "4"]
[EventCountry "ROU"]
[SourceTitle "EXT 2006"]
[Source "ChessBase"]
[SourceDate "2005.11.24"]
[SourceVersion "1"]
[SourceVersionDate "2005.11.24"]
[SourceQuality "1"]

{SCHACH 7/1984} 1. e4 c5 2. Nf3 e6 3. d4 cxd4 4. Nxd4 a6 5. Bd3 Nf6 6. O-O d6
7. c4 b6 8. Nc3 Bb7 9. f4 Nc6 ({Mit} 9... Be7 {verlor Gheorghiu in Biel 1983
gegen Nunn eine Glanzpartie.}) 10. Nxc6 Bxc6 11. Qe2 Be7 12. Kh1 O-O 13. b3 Nd7
14. Bb2 g6 15. Rad1 Re8 16. Bb1 Bf8 $6 {Soweit haben sich beide dem System
entsprechend aufgebaut.} ({Der rumänische GM sollte mit} 16... Qc7 {die
d-Linie räumen. Jetzt kommt er in Schwierigkeiten.}) 17. e5 dxe5 18. Be4 $1 Qc7
(18... Bxe4 19. Nxe4 Bg7 20. Bxe5 Bxe5 21. fxe5 Kg7 22. Qf2 Qe7 (22... Re7 23.
Ng5 Qg8 24. Nxf7 Rf8 25. Rxd7 {führte zu entscheidendem weißen Vorteil-}) 23.
Qf6+ $1 Kg8 24. Qxe7 Rxe7 25. Rxd7) 19. Qf3 Bxe4 ({Natürlich nicht} 19... Rac8
$4 20. Bxc6 Qxc6 21. Qxc6 {und der Springer ist ohne Deckung.}) 20. Nxe4 f5 (
20... Bg7 21. fxe5 Nxe5 22. Nf6+ Kh8 23. Bxe5 {wäre hoffnungslos für den
Nachziehenden.}) 21. Rxd7 fxe4 22. Qd1 Qc6 (22... Qc8 23. Bxe5 Rd8 24. Rxd8
Qxd8 25. Qe2 Qd3 26. Qxd3 exd3 27. Rd1 Rd8 28. Bc7 Rd4 29. Bxb6 Rxf4 30. Kg1 {
ergibt ein für Weiß gewonnenes Endspiel.}) 23. Bxe5 Rac8 24. Qd4 Be7 {Was
sonst?} (24... b5 25. Qa7) (24... Re7 25. Rd6 {oder schön}) (24... Bc5 25. Rg7+
Kf8 26. Bd6+ Qxd6 27. Qf6#) 25. f5 $1 {Ein feiner Zug!} ({Ich sah, dass} 25.
Bh8 Bf8 26. Rg7+ $4 Kxh8 27. Rxg6+ e5 $1 {scheitert - und da war die Idee
geboren!}) 25... Rcd8 {Es mussten folgende Varianten berechnet werden:} (25...
exf5 26. Bh8 Bf8 27. Rg7+ Kxh8 28. Rxg6+ $1) (25... gxf5 26. Bh8 Bf8 ({oder} 
26... e5 27. Qxe5 Bf6 28. Qxf5) 27. Rxf5 exf5 28. Rg7+ Kxh8 29. Rg6+) 26. Rxe7
{Der einfache Gewinn! Ich hatte auch gesehen, dass} (26. fxg6 Rxd7 (26... hxg6
27. Qf2 Rf8 28. Rxd8 {schön gewinnt, doch beim Partiezug rechnete ich mit
Gheorghius Kapitulation.}) 27. gxh7+ Kxh7 28. Rf7+ Kh6 (28... Kg6 29. Rg7+ Kf5
30. g4#) 29. Qe3+ Bg5 30. Qh3+ Kg6 31. Qh7#) 26... exf5 (26... Rxd4 27. Rg7+
Kf8 28. fxg6#) 27. Rxe8+ Qxe8 28. Qxb6 1-0

[Event "DDR-BUL m"]
[Site "Nordhausen"]
[Date "1987.11.13"]
[Round "2.3"]
[White "Vogt, Lothar"]
[Black "Velikov, Petar"]
[Result "1-0"]
[WhiteElo "2485"]
[BlackElo "2485"]
[Annotator "Vogt,L"]
[PlyCount "75"]
[EventDate "1987.11.12"]
[EventType "team"]
[EventRounds "4"]
[EventCountry "DDR"]
[SourceTitle "EXT 2006"]
[Source "ChessBase"]
[SourceDate "2005.11.24"]
[SourceVersion "1"]
[SourceVersionDate "2005.11.24"]
[SourceQuality "1"]
[WhiteTeam "German Dem Rep"]
[BlackTeam "Bulgaria"]
[WhiteTeamCountry "DDR"]
[BlackTeamCountry "BUL"]

{SCHACH 1/1988} 1. e4 c5 2. Nf3 e6 3. d4 cxd4 4. Nxd4 a6 5. Bd3 Bc5 6. Nb3 Ba7
7. Qe2 Nc6 8. Be3 Bxe3 9. Qxe3 d6 10. Nc3 Nf6 11. O-O-O O-O 12. f4 Qc7 13. Qh3
({Als ich mich auf diesen Gegner vorbereitete, fand ich die Partie Short,
N-Velikov,P/Europapokal 1987, in welcher der junge englische Großmeister nach} 
13. g4 Nxg4 14. Qg3 Nf6 15. Rhg1 Ne8 16. Kb1 Ne7 $6 ({Mit} 16... b5 {kann das
schwarze Spiel jedoch verstärkt werden.}) 17. Nd4 Qc5 18. Nf3 f6 19. e5 dxe5
20. fxe5 f5 21. Qh4 Qc7 22. Bc4 h6 23. Qxh6 $1 Qxc4 24. Rxg7+ $1 Nxg7 25. Ng5
Re8 26. Rg1 Qd4 27. Qh7+ Kf8 28. Nxe6+ Nxe6 29. Qh6+ {einen glänzenden Sieg
errang.}) 13... Nb4 14. g4 b5 15. g5 Ne8 ({Schwächer ist} 15... Nd7 16. a3
Nxd3+ 17. Qxd3 d5 18. exd5 Qxf4+ 19. Kb1 {mit starker weisser Initiative.}) 16.
Qh4 f6 17. a3 fxg5 18. fxg5 $6 {Eine schwere Entscheidung, die mir später
mißfiel.} ({Besser geschah} 18. Qxg5) 18... Nxd3+ 19. Rxd3 Rb8 20. Rh3 g6 21.
Qe1 (21. e5 dxe5 {bringt nichts. Um h4-h5 zu drohen, muss die h-Linie geräumt
werden.}) 21... Qe7 ({Vorzuziehen war schnelles Gegenspiel mittels} 21... a5 {
,wonach Schwarz nicht schlechter steht.}) 22. Rg3 Bb7 23. h4 Ng7 24. Rd3 {
Die Schwäche d6 wird unter Beschuß genommen.} Rf4 25. Qd2 Rbf8 26. Rxd6 Rf1+ $2
{Der entscheidende Fehler.} ({Gut für Weiss ist auch} 26... Bd5 27. Rxa6 (27.
Nxd5 $4 Rf1+) 27... Bxb3 28. cxb3 b4 29. axb4 Qxb4 30. Qd1) ({In Betracht kam
dagegen} 26... Bxe4 27. Nxe4 Rf1+ 28. Qd1 Rxd1+ 29. Rhxd1 Nh5 30. Nbc5 {
mit bequemem weissen Spiel, aber guten schwarzen Remischancen.}) 27. Rxf1 Rxf1+
28. Nd1 Bxe4 29. Rd7 {Die schwarze Dame hat wenig gangbare Felder.} Qf8 (29...
Qe8 {wird einfach durch} 30. Rxg7+ Kxg7 31. Qd4+ {widerlegt.}) 30. Rd8 Bf3 ({
Velikov hatte simpel} 30... Ne8 31. Qd7 {übersehen.}) 31. Rxf8+ Kxf8 32. Qd6+
Kf7 33. Qc7+ Kg8 34. Kb1 Rxd1+ 35. Ka2 Nf5 ({Auch} 35... Bd5 36. Qc8+ Kf7 37.
Qxa6 Bc4 38. a4 {ist hoffnungslos.}) 36. Nc5 Bd5+ 37. b3 Nd4 38. Nd7 {Matt
oder weiterer Materialverlust sind nicht zu verhindern.} 1-0

[Event "EU-Cup 27th"]
[Site "Rogaska Slatina"]
[Date "2011.09.28"]
[Round "4"]
[White "Volokitin, Andrei"]
[Black "Drabke, Lorenz Maximilian"]
[Result "1-0"]
[WhiteElo "2686"]
[BlackElo "2463"]
[Annotator "Volokitin,A"]
[PlyCount "61"]
[EventDate "2011.09.25"]
[EventType "team-swiss"]
[EventRounds "7"]
[EventCountry "SLO"]
[SourceTitle "CBM 145"]
[Source "ChessBase"]
[SourceDate "2011.11.11"]
[SourceVersion "1"]
[SourceVersionDate "2011.11.11"]
[SourceQuality "1"]
[WhiteTeam "SOCAR"]
[BlackTeam "Reichenstein"]
[WhiteTeamCountry "AZE"]
[BlackTeamCountry "SUI"]

1. e4 c5 2. Nf3 e6 3. d4 cxd4 4. Nxd4 a6 5. Nc3 Qc7 6. Bd3 Nf6 7. f4 d6 {
Aus der Paulsen-Variante ist eine Scheveningen-Struktur geworden mit Läufer
auf d3, wo er besser steht.} 8. O-O Nbd7 9. Kh1 {Ein prophylaktischer Zug
gegen ...Qb6.} ({Nach} 9. Qe2 {ist} Qb6 $5 {interessant.}) 9... Be7 10. Qe2 O-O
$6 {Meiner Meinung nach ist die Rochade zu früh. Vor der Partie sah ich
verschiedene Möglichkeiten für Schwarz.} (10... Nc5 {Der Hauptzug.} 11. Bd2 {
ist hier der beste Zug.} O-O {wie in der Partie.} (11... b5 $2 12. e5 Nfd7 (
12... dxe5 13. fxe5 Nfd7 14. Rxf7 $1 Kxf7 15. Qh5+ Kg8 16. Rf1 Bf6 17. exf6
Nxf6 18. Rxf6 $1 gxf6 19. Bh6 $18) 13. Nd5 $1 exd5 14. exd6 Qxd6 15. Nf5 Qf6
16. Bc3 $18)) (10... b5 11. Bd2 Bb7 12. b4 $1 {Das war meine Idee während der
Vorbereitung.} O-O 13. a4 bxa4 14. Nxa4 $14) 11. Bd2 {Ich habe diesen Zug ohne
nachzudenken gemacht, aber es gab eine bessere Möglichkeit.} (11. g4 $1 {
Es sieht logisch aus, sofort den Angriff zu starten.} Nc5 (11... g6 12. f5 Ne5
13. g5 Nh5 14. f6 Bd8 15. Qg2 {Mit der Idee Be2, h5 und Matt zu setzen. Ich
glaube, dass Weiß in alle Varianten gewinnt.} b5 16. Be2 b4 (16... Bb7 17. Bxh5
gxh5 18. a3 Qc4 (18... Nc4 19. Qh3 $18) 19. Be3 Bb6 20. Rad1 Rfc8 21. Qh3 $16)
17. Nd1 Bb7 18. Nf2 $40) 12. g5 Nfd7 13. f5 {Die schwarze Stellung sieht sehr
gefährdet aus.} Re8 14. f6 Bf8 15. Rf3 Ne5 16. Rh3 g6 17. Qf2 Nexd3 18. cxd3 e5
19. Nf5 $40) 11... Nc5 12. Rac1 ({Hier geht} 12. g4 $2 {schon nicht mer:} d5 $1
13. e5 Nfe4 14. Nxe4 dxe4 15. Bxe4 Nxe4 16. Qxe4 b6 $15) 12... b5 13. b4 Nxd3
14. cxd3 Qd7 {Diese Stellung habe ich vor der Partie analysiert. Hier hat Weiß
verschiedene Pläne, zum Beispiel Nb3 mit der Idee e5, um das Feld auf c5 zu
benutzen oder f5 mit der Idee g4, g5. Der Textzug sieht am stärksten aus.} 15.
g4 Bb7 (15... h6 $2 {Das ist eine große Schwächung der Stellung des Königs.}
16. g5 hxg5 17. fxg5 Ne8 18. Qh5 g6 19. Qh6 Ng7 20. Rf4 Nh5 21. Rh4 $18) 16. g5
Ne8 17. f5 {Während der Partie war ich sehr zufrieden mit meiner Position, ich
hatte eine Stunde mehr Zeit und gute Angriffschancen. Aber ich habe meine
Stellung ein bisschen überschätzt.} d5 $1 {Richtig.} ({Schwächer ist} 17... e5
18. Nf3 $5 {näher zum König} (18. Nb3 $5) 18... Bd8 19. Rg1 $40) 18. e5 $1 {
Jetzt muss Weiß die Stellung schließen.} exf5 {Der einzige Zug. Sonst kommt f6
und Weiß wird Matt setzen.} (18... Bxb4 19. Na4 $1 Bxd2 20. Nc5 $18) 19. Nxf5
Nc7 $2 {Ein Fehler. Der Springer stört hier die anderen Figuren. Während der
Partie dachte ich, dass Schwarz die Diagonale öffnen muss.} (19... d4+ $1 20.
Ne4 Rc8 $1 {Schwarz kämpft um die c Linie.} ({Nach} 20... Nc7 {folgt} 21. Kg1 {
mit der Idee, die Fesselung zu vermeiden.} Ne6 22. h4 Bd5 23. Ned6 $14) 21.
Rxc8 Bxc8 22. Nf6+ gxf6 23. gxf6 Qd5+ 24. Qe4 Qxe4+ 25. dxe4 Bxf6 26. exf6 Bxf5
27. exf5 Nd6 $11 {Letztlich muss Schwarz das Endspiel leicht halten.}) ({
Auch interessant ist} 19... Rc8 20. Qg4 (20. d4 $6 {ist kaum besser, Weiß hat
keine Kompensation für den Bauern.} Bxb4 $1 21. Qh5 Rc4 22. Rf4 Qe6 $15) 20...
d4+ 21. Kg1 Kh8 $1 22. Qxd4 Qxd4+ 23. Nxd4 Rd8 24. Nce2 Rd5 25. h4 Rxe5 26. Nf4
Bd6 27. Nb3 {Weiß hat einige Chancen zu gewinnen, aber Schwarz muss sich
halten.}) 20. d4 $1 {Natürlich muss Weiß die Diagonale schließen.} Ne6 (20...
Rac8 {hilft nicht:} 21. Qh5 g6 (21... Bxb4 22. Rf3 g6 23. Qh6 $1 gxf5 24. Rh3
f6 25. Rg1 $18) 22. Nh6+ Kg7 23. Qh4 Ne6 24. Rf3 Nxd4 25. Qxd4 Rc4 26. Ne2 $1
Rxd4 27. Nxd4 Bd8 28. Rcf1 $18) (20... Bxb4 21. Nxb5 Bxd2 22. Rxc7 Qxb5 23.
Qxb5 axb5 24. Ne7+ Kh8 25. Rxb7 Bxg5 26. Nxd5 $14 {Weiß hat das bessere
Endspiel.}) 21. Qh5 $1 {Mit dem Zug des Springers hat Schwarz zwei Tempos
verloren, dagegen droht Weiß schon mit Rf3 Mattangriff.} Bxb4 22. Rf3 g6 23.
Nh6+ Kh8 24. Qh4 Bc8 $2 {Der entscheidende Fehler. Zu passiv. Es wäre besser,
den Turm auf die c-Linie zu stellen.} (24... Rac8 $8 25. Rcf1 f5 26. exf6 $1
Rc4 (26... Nxd4 27. Qxd4 Rc4 28. Qe5 Bd6 29. Qe1 b4 30. Ne2 d4 31. Nf4) (26...
Bd6 27. Nf5 gxf5 28. g6 $18) 27. Rd3 {Ich habe diese Variante durchgerechnet
und dachte, dass Weiß sehr leicht gewinnt, aber Schwarz besitzt Gegenspiel.}
Nxd4 $1 {Die beste Chance.} (27... Bd6 28. Ne2 $16) (27... Nc5 28. Re3 Ne6 (
28... Ne4 29. Nxe4 dxe4 30. Bxb4 Rxb4 31. Ng4 Qxd4 32. Qg3 $16) 29. Nf5 gxf5
30. Rxe6 Qxe6 31. g6 Rc7 32. g7+ Rxg7 33. fxg7+ Kxg7 34. Re1 Qf6 35. Bg5 $16)
28. Rxd4 Bxc3 29. Bxc3 Rxc3 30. Re1 Qc7 31. Kg1 $1 {mit der Idee, die Damen zu
tauschen und dann Re7, Rg7, Rg8. Weiß steht klar besser. Zum Beispiel} b4 (
31... Rc1 32. Rdd1 $16) 32. Qf4 Qxf4 33. Rxf4 Rc4 34. Re7 $1 Rxf4 35. Rg7 $18)
25. Rcf1 Nd8 26. Nxd5 $1 {Der beste Zug.} Qxd5 (26... Bxd2 27. Nf6 Bxg5 28.
Qxg5 Ne6 29. Qh4 Qxd4 30. Nhg4 h5 31. Nxh5 $18) 27. Bxb4 Re8 28. Qf4 ({Noch
stärker war} 28. Kg1 $1 Bb7 29. Qf4 Qe6 30. Rc3 $18) 28... Re6 {Zeitnot.} ({
Besser war} 28... Bf5 $1 29. Nxf5 gxf5 30. Qxf5 $16) 29. Nxf7+ Nxf7 30. Qxf7
Bb7 31. Bf8 1-0

[Event "Bonn GSK"]
[Site "Bonn"]
[Date "1993.??.??"]
[Round "?"]
[White "Luther, Thomas"]
[Black "Von Gleich, Alexander"]
[Result "1-0"]
[WhiteElo "2465"]
[BlackElo "2335"]
[Annotator "Von Gleich,A"]
[PlyCount "75"]
[EventDate "1993.??.??"]
[EventType "tourn"]
[EventRounds "9"]
[EventCountry "GER"]
[EventCategory "8"]
[SourceTitle "CBM 034"]
[Source "ChessBase"]
[SourceDate "1993.06.01"]
[SourceVersion "1"]
[SourceVersionDate "1993.06.01"]
[SourceQuality "1"]

1. e4 c5 2. Nf3 e6 3. d4 cxd4 4. Nxd4 a6 5. Bd3 Nf6 6. O-O Qc7 7. Qe2 d6 8. c4
g6 9. Nc3 Bg7 10. Nf3 Nc6 11. Rd1 O-O 12. h3 $1 (12. Bf4 e5 13. Be3 Bg4 14. h3
Nd4 15. Bxd4 exd4 16. Nd5 Nxd5 17. cxd5 Bxf3 18. Qxf3) 12... b6 $2 (12... Nd7
13. Bf4 (13. Be3 Nce5 14. Nxe5 Nxe5 15. Rac1 Bd7 16. b3 Rac8) 13... Nce5 14.
Nxe5 Nxe5 15. Rac1 b6 16. b3 Bb7 17. Bb1 Rad8 {Luther-Lutz/BRD/1992/}) 13. Be3
Nd7 14. Rac1 Nce5 15. Nxe5 Nxe5 16. b3 Bb7 17. Bb1 Rfe8 $2 (17... Rfd8 18. Qd2
$1 {/\ 19.Na4 Nd7 20.Qd6}) (17... Rab8 $1 $8) 18. Qd2 Bf8 19. Na4 Nd7 20. Nxb6
$1 Nxb6 21. Qa5 Nd5 22. Rxd5 $1 $16 Qxa5 23. Rxa5 Be7 24. b4 d5 25. c5 Bc6 26.
exd5 exd5 27. Bd3 d4 28. Bd2 Bb5 29. Bxb5 axb5 30. Re1 Bf8 31. Rxe8 Rxe8 32.
Kf1 f5 33. Ra7 d3 34. Rd7 Ra8 35. Rxd3 Rxa2 36. Rd7 Rc2 37. Ke2 Rc4 38. Rb7 1-0

[Event "Olympiad-23"]
[Site "Buenos Aires"]
[Date "1978.10.31"]
[Round "6"]
[White "Wedberg, Tom Birger"]
[Black "Darga, Klaus"]
[Result "1-0"]
[WhiteElo "2360"]
[BlackElo "2510"]
[Annotator "Wedberg,T"]
[PlyCount "57"]
[EventDate "1978.10.25"]
[EventType "team-swiss"]
[EventRounds "14"]
[EventCountry "ARG"]
[SourceTitle "EXT 2002"]
[Source "ChessBase"]
[SourceDate "2001.11.25"]
[SourceVersion "1"]
[SourceVersionDate "2001.11.25"]
[SourceQuality "1"]
[WhiteTeam "Sweden"]
[BlackTeam "Germany"]
[WhiteTeamCountry "SWE"]
[BlackTeamCountry "GER"]

{Inf.26/348} 1. e4 c5 2. Nf3 e6 3. d4 cxd4 4. Nxd4 a6 5. Bd3 Nf6 6. O-O d6 7.
f4 Be7 8. Kh1 Qc7 9. Nd2 Nbd7 10. Qe1 b6 11. N2f3 Bb7 $6 (11... Nc5 $5 12. e5 (
12. b4 Nxd3 13. cxd3 $11) 12... Nd5 13. f5 dxe5 14. Nxe5 f6 $1 $15) 12. e5 $1
$16 Nd5 (12... dxe5 13. fxe5 Nd5 14. Qg3 g6 15. Bg5 $16) 13. f5 Nxe5 (13... Nc5
14. fxe6 fxe6 15. Ng5 Bxg5 16. exd6 Qxd6 17. Bxg5 $16) 14. fxe6 O-O $2 (14...
f6 15. Nf5 $16) 15. Nxe5 dxe5 16. exf7+ Kh8 (16... Rxf7 17. Bxh7+ $1 Kxh7 18.
Rxf7 exd4 19. Qe4+ Kh8 20. Qg6 Qe5 21. Bh6 Rg8 22. Raf1 {/\ 23.Bxg7!+ Rxg7 24.
Rf8++-}) 17. Ne6 Qc6 18. Qe4 $18 Nf6 19. Qxc6 Bxc6 20. Nxf8 Rxf8 21. Bc4 Nd5
22. Bd2 Bf6 23. Rae1 b5 24. Bxd5 Bxd5 25. Bc3 Bc4 26. Bxe5 $1 Rxf7 (26... Bxf1
27. Bd6) (26... Bxe5 27. Rxe5) 27. Bxf6 gxf6 28. Rf3 Bxa2 29. b3 1-0

[Event "Zug Young Masters"]
[Site "Zug"]
[Date "2001.10.10"]
[Round "2"]
[White "Pelletier, Yannick"]
[Black "Kuemin, Simon"]
[Result "1-0"]
[WhiteElo "2531"]
[BlackElo "2313"]
[Annotator "Wells,P"]
[PlyCount "119"]
[EventDate "2001.10.09"]
[EventType "tourn"]
[EventRounds "11"]
[EventCountry "SUI"]
[EventCategory "9"]
[SourceTitle "CBM 086"]
[Source "ChessBase"]
[SourceDate "2002.02.05"]
[SourceVersion "1"]
[SourceVersionDate "2002.02.05"]
[SourceQuality "1"]

1. Nf3 c5 2. c4 Nf6 3. Nc3 b6 4. e4 d6 5. d4 cxd4 6. Nxd4 Bb7 7. Bd3 e6 8. O-O
Nbd7 9. Qe2 a6 10. f4 Qc7 11. f5 $1 e5 12. Nc2 Be7 13. Bd2 Rc8 14. b4 $1 {
I like this play on both wings. Given the good cover enjoyed by the e4 pawn
the fixing of the centre reduces black's prospects of counterplay.} Qb8 15. Ne3
Qa8 16. Ned5 Bd8 17. a4 $1 {[%csl Rd6][%cal Ya4a5,Ga6a5,Yc3b5,Yb5d6] Again the
most attractive plan for white, and again the weakness of ...d6 renders the
response 17...a5 18 Nb5! unplayable.} Nxd5 18. Nxd5 Nf6 19. Nxf6+ Bxf6 20. a5
bxa5 21. Rxa5 Qb8 22. Be3 O-O 23. Rb1 Qc7 24. c5 Be7 25. f6 {Good enough.
Black is bound to generate a slight moment of activity for the exchange, but
it does not amount to much.} Bxf6 26. cxd6 Qxd6 27. Bc5 Qd7 28. Bxf8 Rxf8 29.
Kh1 Qd4 30. Rc5 $16 Rd8 31. Bc2 h6 32. Rc7 Rd7 33. Rxd7 Qxd7 34. Qc4 Qg4 35. h3
Qh4 36. Rf1 h5 37. Kh2 Qg5 38. Qc7 Qd2 39. Bb3 Bxe4 40. Qxf7+ Kh7 41. Qxh5+ Qh6
42. Qxh6+ Kxh6 43. Bc4 Be7 44. Re1 Bg6 45. g3 Bxb4 46. Rxe5 a5 47. Bb3 Kh7 48.
h4 Bc3 49. Rc5 Bb4 50. Rc8 Be4 51. Bc2 Bxc2 52. Rxc2 Kg6 53. g4 Kf7 54. Rc7+
Kg6 55. Kg2 Be1 56. h5+ Kf6 57. Kf3 Bd2 58. Ke4 Bb4 59. Rc6+ Kf7 60. Kf5 1-0

[Event "NED-chT 0203 playoff"]
[Site "Enschede"]
[Date "2003.06.21"]
[Round "1.3"]
[White "Bezemer, Arno J"]
[Black "Chuchelov, Vladimir"]
[Result "0-1"]
[WhiteElo "2346"]
[BlackElo "2592"]
[Annotator "Winants,L"]
[PlyCount "61"]
[EventDate "2003.06.21"]
[EventType "team-k.o."]
[EventRounds "2"]
[EventCountry "NED"]
[SourceTitle "CBM 094 Extra"]
[Source "ChessBase"]
[SourceDate "2003.07.09"]
[SourceVersion "2"]
[SourceVersionDate "2003.07.09"]
[SourceQuality "1"]
[WhiteTeam "Zukertort Amstelveen"]
[BlackTeam "ZZICT Breda"]
[WhiteTeamCountry "NED"]
[BlackTeamCountry "NED"]

1. e4 c5 2. Nf3 e6 3. d4 cxd4 4. Nxd4 a6 5. Nc3 b5 6. Bd3 d6 {Vladimir avait
déjà adopté cette même variante au championnat de Belgique interclubs contre J.
-M. Degraeve.} 7. O-O Nf6 8. a4 b4 9. Na2 Qb6 10. a5 Qb7 11. Qe2 {Une
nouveauté au lieu de} (11. Re1 Be7 12. Bd2 {Tiviakov-Bologan, 1992}) 11... Be7
12. c3 bxc3 13. Nxc3 O-O 14. Na4 {Bezemer joue l'ouverture en virtuose et
s'attaque aux points affaiblis sur l'aile de la Dame.} Nbd7 15. Ra3 {Encore un
coup remarquable : il s'adresse non seulement aux points d'invasion sur b6 et
c6, mais aussi au pion h7...} d5 $2 {Une faute de calcul qui compromet la
partie (le champagne avait paraît-il coulé un peu trop facilement la veille...)
} ({Il fallait essayer} 15... Nc5 16. Nxc5 dxc5 17. e5 {Mais bien} Nd5 ({
et maintenant surtout pas} 17... cxd4 18. exf6 Bxf6 (18... Bxa3 19. Bxh7+ $3
Kxh7 20. Qh5+ Kg8 21. Qg5 $18) 19. Bxh7+ Kxh7 20. Qh5+ Kg8 21. Rh3 Bh4 22. Rxh4
f6 23. Qh7+ Kf7 24. Bh6 Rg8 25. Rg4 e5 26. Rg6 $1 $18)) 16. Rb3 Qc7 17. exd5
Nc5 (17... Nxd5 {se heurtait а} 18. Nxe6 $1) 18. Rc3 Nxd5 19. Rc4 {Ce clouage
est fatal : les Blancs menacent Nxc5 suivi de Nb3, gagnant une pièce.} Rb8 20.
Nxc5 Bxc5 21. Qc2 {Vers c5 et h7.} Nb4 22. Bxh7+ Kh8 23. Qe4 {Direction h4.} (
23. Rxc5 Nxc2 24. Rxc7 Nxd4 25. Bd3 {gagnait un pion, mais les Blancs décident
а juste titre de jouer pour le mat.}) 23... Qe7 24. Rxc5 $1 {Déviation !} Bb7 (
24... Qxc5 25. Qh4) 25. Qg4 ({Plus fort que} 25. Bg5) 25... Qxc5 26. Qh3 Rfd8
27. Nb3 $2 {Une retraite incompréhensible.} (27. Nxe6 {gagnait en quelques
coups.}) ({Mais le plus joli était certainement :} 27. Bf5+ Kg8 28. Qh7+ Kf8
29. Bg5 Ke8 30. Nxe6 fxe6 31. Qg8+ Kd7 32. Qxe6+ Kc7 33. Bf4+ Qd6 (33... Rd6
34. Qd7#) 34. Rc1+ Bc6 (34... Nc6 35. Qe7+) 35. Qe7+ Rd7 36. Qxd7#) 27... Qe5
28. f4 {Négligeant encore de nouvelles occasions.} Qf6 29. Bg6+ Kg8 30. Qh7+
Kf8 31. f5 {Et les Blancs dépassèrent le temps de réflexion autorisé.} ({
Il aurait encore pu suivre :} 31. f5 e5 32. h4 Rbc8 $3 33. Bg5 Rc2 $1 {а
l'avantage des Noirs...}) 0-1